000 02238nam a22004093i 4500
001 EBC31713274
003 MiAaPQ
005 20251205133730.0
007 cr cnu||||||||
008 251205s2024 xx o ||||0 ger d
020 _a9783658462451
_q(electronic bk.)
020 _z9783658462444
040 _aMiAaPQ
_beng
_cMiAaPQ
100 1 _aLee, Seul A.
_967874
245 1 0 _aDeutsche Identität Nach der Wiedervereinigung.
250 _a1st ed.
264 1 _aWiesbaden :
_bSpringer Fachmedien Wiesbaden GmbH,
_c2024.
264 4 _c{copy}2024.
300 _a1 online resource (504 pages)
336 _aText
_btxt
_2rdacontent
337 _aComputermedien
_bc
_2rdamedia
338 _aOnline Resource
_bcr
_2rdacarrier
490 1 _a(Re-)konstruktionen - Internationale und Globale Studien Series
500 _aE-Book-ProQuest / Fernzugriff nach Registrierung möglich
653 _aGlobalization.
653 _aInternational relations.
655 _aFernzugriff
_9230
655 4 _aElectronic books.
520 _aThis scholarly work by Seul A Lee examines German identity from a global perspective, focusing on the interactions and relationships between the Global North and South. It explores the cultural, political, and social dynamics that shape these relationships, emphasizing the need for a rethinking of established perceptions and practices. The book addresses themes such as migration, cultural exchange, and geopolitics, aiming to foster an enhanced understanding of global interactions. Intended for an academic audience, it serves as a platform for studies in cultural identity and international relations, highlighting the importance of mutual comprehension and respect in a globalized world.
_7Generated by AI.
650 0 _7Generated by AI.
650 0 _7Generated by AI.
776 0 8 _iPrint version:
_aLee, Seul A.
_tDeutsche Identität Nach der Wiedervereinigung
_dWiesbaden : Springer Fachmedien Wiesbaden GmbH,c2024
_z9783658462444
830 0 _a(Re-)konstruktionen - Internationale und Globale Studien Series
_967875
856 4 0 _uhttps://ebookcentral.proquest.com/lib/maxweberstiftung-ebooks/detail.action?docID=31713274
_zVolltext
942 _cEB
999 _c73344
_d73344